000 00636nam a22002057a 4500
008 130821s1930 sp gr spa
040 _aCo-BoUCM
_bspa
041 0 0 _aspa
100 _aHoffding, Harald
_9150229
245 0 0 _aSoren Kierkegaard
_cHarald Hoffding
260 _aMadrid (España)
_bRevista de Occidente
_c1930
300 _a226 páginas
500 _aIncluye índice
600 _aKierkegaard, Sören Aabye
_d1813-1855
_998813
650 0 4 _aÉtica
_9195
650 0 4 _aFilosofía danesa
_915745
650 0 4 _aFilosofía
_975
942 _cLIBRO
_a2
_e1
_mH63
_n0
_2DEWEY
_h198
999 _c86912
_d86912